000 00939nam a2200301 a 4500
005 20170701020001.0
008 150922b1997 ck |||||r|||| 00| 0 spa d
020 _a9789586382141
040 _aCO-BoIAVH
_cCO-BoIAVH
041 _aspa
044 _ack
082 _a597.8012
_bR41s
090 _aLB
_b00584
100 1 _aRenjifo, Juan Manuel
245 _aRanas y sapos de Colombia /
_cJuan Manuel Renjifo
260 _aBogotá (Colombia):
_bEditorial Colina,
_c1997.
300 _a160 páginas :
_bilustraciones y fotografías a color ;
_c32 cm.
500 _aIncluye glosario.
650 4 _aHerpetofauna
650 4 _aAnfibia
_xTaxonomía
650 4 _aAnfibios
_xTaxonomía
650 4 _aAnfibios
_xReproducción
650 4 _aAnfibia
_xReproducción
650 4 _aAnfibios
_xInventarios
650 4 _aAnfibia
_xInventarios
662 _aColombia
942 _cLIBRO
_2ddc
_02
999 _c601
_d601